| 000 | 01117cam a2200337 i 4500 | ||
|---|---|---|---|
| 999 |
_c200442618 _d60830 |
||
| 001 | 200442618 | ||
| 003 | TR-AnTOB | ||
| 005 | 20230809165717.0 | ||
| 007 | ta | ||
| 008 | 791126s1966 tu af b 000 0 tur | ||
| 010 | _a 79971335 | ||
| 035 | _a(TR-AnTOB)200442618 | ||
| 040 |
_aDLC _beng _erda _cDLC _dDLC _dTR-AnTOB |
||
| 041 | 0 | _atur | |
| 043 | _aa-tu--- | ||
| 050 | 0 | 0 |
_aTN967 _b.T87 1966 |
| 090 |
_aTN967 _b.T87 1966 |
||
| 245 | 1 | 0 |
_aTürkiye mermer envanteri / _chaz. Maden Tetkik ve Arama Enstitüsü. |
| 264 | 1 |
_aAnkara : _bMTA, _c1966. |
|
| 300 |
_aviii, 174 pages, [20] leaves of plates : _billustrations (some color) ; _c24 cm |
||
| 336 |
_atext _btxt _2rdacontent |
||
| 337 |
_aunmediated _bn _2rdamedia |
||
| 338 |
_avolume _bnc _2rdacarrier |
||
| 490 | 0 |
_aMaden Tetkik ve Arama Enstitüsü yayınlarından ; _vno. 134. |
|
| 650 | 7 |
_aMermer _zTürkiye _2etuturkob _9131891 |
|
| 650 | 7 |
_aMermer endüstrisi ve ticareti _zTürkiye _2etuturkob _9131892 |
|
| 710 | 2 |
_aMaden Tetkik ve Arama Enstitüsü (Turkey) _962292 |
|
| 942 |
_2lcc _cBK |
||